[Event "CYCC U12"]
[Site "Ottawa CAN"]
[Date "2007.07.05"]
[Round "6"]
[White "Tan, Guang Tong"]
[Black "Gagnon, Justin"]
[Result "1-0"]
[WhiteElo "1392"]
[BlackElo "1469"]
[PlyCount "115"]
[GameId "2160767910659117"]
[EventDate "2007.07.03"]
[EventType "swiss"]
[EventRounds "7"]
[EventCountry "CAN"]
[SourceTitle "EXT 2022"]
[Source "ChessBase"]
[SourceDate "2021.10.06"]
[SourceVersion "1"]
[SourceVersionDate "2021.10.06"]
[SourceQuality "1"]

1. e4 e6 2. d4 d5 3. e5 c5 4. c3 Nc6 5. Nf3 Qb6 6. a3 c4 7. Nbd2 f6 8. exf6 Nxf6 9. Be2 Bd6 10. O-O O-O 11. Re1 Re8 12. b3 cxb3 13. Nxb3 Bd7 14. Bd3 Na5 15. Nxa5 Qxa5 16. Qb3 Qc7 17. Bg5 Be7 18. Rab1 b6 19. Ne5 Ng4 20. Nxg4 Bxg5 21. Re2 Qc6 22. Ne5 Qa4 23. Nxd7 Qxd7 24. Bb5 Qf7 25. Bxe8 Qxe8 26. Rbe1 Kf7 27. g3 g6 28. f4 Bh6 29. Qb4 Bf8 30. Qb3 Rc8 31. Re3 Rc4 32. Kf2 Qc8 33. Kf3 Be7 34. g4 Bf8 35. h4 h6 36. h5 gxh5 37. gxh5 Bg7 38. Qb2 e5 39. Qg2 e4+ 40. Ke2 Qe6 41. Rg1 Rc6 42. Qxg7+ Ke8 43. Qg6+ Qxg6 44. Rxg6 Rxg6 45. hxg6 Kf8 46. Rh3 Kg7 47. f5 a5 48. a4 h5 49. Rxh5 Kg8 50. f6 e3 51. Re5 Kf8 52. Kxe3 b5 53. f7 Kg7 54. Re8 bxa4 55. f8=Q+ Kxg6 56. Re6+ Kg5 57. Rf6 Kh4 58. Qg7 1-0

[Event "CYCC U12"]
[Site "Ottawa CAN"]
[Date "2007.07.05"]
[Round "6"]
[White "Venner, John"]
[Black "Seguin, Ryan"]
[Result "0-1"]
[WhiteElo "784"]
[BlackElo "1323"]
[PlyCount "52"]
[GameId "2160767910659118"]
[EventDate "2007.07.03"]
[EventType "swiss"]
[EventRounds "7"]
[EventCountry "CAN"]
[SourceTitle "EXT 2022"]
[Source "ChessBase"]
[SourceDate "2021.10.06"]
[SourceVersion "1"]
[SourceVersionDate "2021.10.06"]
[SourceQuality "1"]

1. e4 e5 2. Nf3 Nc6 3. Bc4 h6 4. Nc3 d6 5. d3 Bg4 6. h3 Bxf3 7. Qxf3 Nf6 8. O-O Nd4 9. Qd1 c6 10. Be3 Be7 11. f4 O-O 12. fxe5 dxe5 13. Bf2 Bc5 14. Na4 Bd6 15. Bxd4 exd4 16. c3 b5 17. cxd4 Bc7 18. e5 Ne8 19. e6 bxc4 20. exf7+ Rxf7 21. Rxf7 Kxf7 22. dxc4 Bb6 23. Qf3+ Qf6 24. Qh5+ Kg8 25. Re1 Qxd4+ 26. Kh1 Qd8 0-1

[Event "CYCC U12"]
[Site "Ottawa CAN"]
[Date "2007.07.05"]
[Round "6"]
[White "Wang, Harris"]
[Black "Lepine, Cedric"]
[Result "1-0"]
[WhiteElo "1645"]
[BlackElo "1516"]
[PlyCount "105"]
[GameId "2160767910659119"]
[EventDate "2007.07.03"]
[EventType "swiss"]
[EventRounds "7"]
[EventCountry "CAN"]
[SourceTitle "EXT 2022"]
[Source "ChessBase"]
[SourceDate "2021.10.06"]
[SourceVersion "1"]
[SourceVersionDate "2021.10.06"]
[SourceQuality "1"]

1. e4 e5 2. Nf3 Nc6 3. Bb5 d6 4. d4 exd4 5. Nxd4 Bd7 6. O-O Nxd4 7. Bxd7+ Qxd7 8. Qxd4 Nf6 9. Nc3 Be7 10. Be3 O-O 11. f3 c5 12. Qd3 a6 13. Rad1 Qc6 14. Nd5 Nxd5 15. Qxd5 Qxd5 16. Rxd5 b5 17. Bf4 Rfd8 18. Rfd1 Kf8 19. Bxd6 Bxd6 20. Rxd6 Ke7 21. Rxd8 Rxd8 22. Rxd8 Kxd8 23. Kf2 Ke7 24. Ke3 Ke6 25. f4 a5 26. c3 f6 27. g4 g5 28. b3 c4 29. bxc4 bxc4 30. fxg5 fxg5 31. Kd4 Kd6 32. Kxc4 Ke5 33. Kd3 a4 34. a3 h6 35. h3 Kd6 36. Kd4 Kc6 37. e5 Kd7 38. Kd5 Ke7 39. e6 Ke8 40. Kd6 Kd8 41. e7+ Ke8 42. c4 h5 43. gxh5 g4 44. hxg4 Kf7 45. Kd7 Kf6 46. e8=Q Kg5 47. Qg6+ Kh4 48. h6 Kg3 49. h7 Kh4 50. h8=Q+ Kg3 51. Qd3+ Kf4 52. Qf6+ Kxg4 53. Qdg6+ 1-0

[Event "CYCC U12"]
[Site "Ottawa CAN"]
[Date "2007.07.05"]
[Round "6"]
[White "Xu, Jun Rui"]
[Black "Marinkovic, Mate"]
[Result "1-0"]
[WhiteElo "1437"]
[BlackElo "1907"]
[PlyCount "111"]
[GameId "2160767910659120"]
[EventDate "2007.07.03"]
[EventType "swiss"]
[EventRounds "7"]
[EventCountry "CAN"]
[SourceTitle "EXT 2022"]
[Source "ChessBase"]
[SourceDate "2021.10.06"]
[SourceVersion "1"]
[SourceVersionDate "2021.10.06"]
[SourceQuality "1"]

1. d4 d5 2. c4 e6 3. Nc3 c5 4. cxd5 cxd4 5. Qa4+ Bd7 6. Qxd4 exd5 7. Qxd5 Nc6 8. a3 Nf6 9. Qd1 Be6 10. Bg5 Bc5 11. e3 O-O 12. Be2 Qb6 13. Bb5 a6 14. Bxc6 Qxc6 15. Qf3 Bd5 16. Nxd5 Nxd5 17. Ne2 h6 18. Bh4 Rfe8 19. O-O Rac8 20. Rfd1 Ne7 21. Qxc6 Nxc6 22. Rac1 Ne5 23. Rd5 Ng6 24. Rdxc5 Rxc5 25. Rxc5 Nxh4 26. Kf1 Rd8 27. Nd4 Rd7 28. g3 Ng6 29. Ke2 Ne7 30. Nf3 f6 31. Nd2 Kf7 32. Nc4 Nd5 33. e4 Ne7 34. Nb6 Rd6 35. Nc8 Rd7 36. Nb6 Rd6 37. Nd5 Nc6 38. Ke3 Ke6 39. f4 Rd7 40. Nc3 Kd6 41. Rd5+ Ke6 42. b4 Rc7 43. Kd3 b5 44. Rc5 Rc8 45. Nd5 Kd6 46. Ne3 g6 47. Ng4 Ke6 48. Ke3 h5 49. Nf2 Kd6 50. e5+ fxe5 51. fxe5+ Kd7 52. Nd3 Re8 53. Rd5+ Kc7 54. Ke4 Rf8 55. Nf4 g5 56. Ne6+ 1-0

[Event "CYCC U12"]
[Site "Ottawa CAN"]
[Date "2007.07.06"]
[Round "7"]
[White "Chan, Alex H"]
[Black "Michaelis, Nathaniel"]
[Result "1-0"]
[WhiteElo "1675"]
[BlackElo "1195"]
[PlyCount "73"]
[GameId "2160767910659121"]
[EventDate "2007.07.03"]
[EventType "swiss"]
[EventRounds "7"]
[EventCountry "CAN"]
[SourceTitle "EXT 2022"]
[Source "ChessBase"]
[SourceDate "2021.10.06"]
[SourceVersion "1"]
[SourceVersionDate "2021.10.06"]
[SourceQuality "1"]

1. e4 c5 2. Nf3 Nc6 3. d4 cxd4 4. Nxd4 Nf6 5. Nc3 e5 6. Ndb5 d6 7. Nd5 Nxd5 8. exd5 Nb4 9. a3 Na6 10. Be3 b6 11. Qd2 Bb7 12. Bc4 Be7 13. Bb3 O-O 14. O-O-O Rc8 15. Nxa7 Ra8 16. Nb5 Rc8 17. g4 Nc5 18. Ba2 Bf6 19. f3 Qe7 20. g5 Ba6 21. Nc3 Rfe8 22. gxf6 Qxf6 23. Qg2 Qf5 24. Ne4 Nd3+ 25. Kb1 Nf4 26. Bxf4 exf4 27. Nxd6 Qe5 28. Nxe8 Rxe8 29. d6 Rd8 30. Rhe1 Qf6 31. Qd2 Bb5 32. d7 Qf5 33. Qd5 Bxd7 34. Qxf5 h6 35. Bxf7+ Kh8 36. Rxd7 Rxd7 37. Re8# 1-0

[Event "CYCC U12"]
[Site "Ottawa CAN"]
[Date "2007.07.06"]
[Round "7"]
[White "Cheng, Jack"]
[Black "Leu, Richard"]
[Result "1/2-1/2"]
[WhiteElo "1843"]
[BlackElo "1824"]
[PlyCount "122"]
[GameId "2160767910659122"]
[EventDate "2007.07.03"]
[EventType "swiss"]
[EventRounds "7"]
[EventCountry "CAN"]
[SourceTitle "EXT 2022"]
[Source "ChessBase"]
[SourceDate "2021.10.06"]
[SourceVersion "1"]
[SourceVersionDate "2021.10.06"]
[SourceQuality "1"]

1. e4 c5 2. Nf3 e6 3. d4 cxd4 4. Nxd4 a6 5. Nc3 Qc7 6. Be2 Nf6 7. O-O d6 8. Be3 Nc6 9. a4 b6 10. f4 Be7 11. Bf3 Bb7 12. Nb3 Rd8 13. Qe1 O-O 14. Qf2 Nd7 15. Rad1 Rb8 16. Rfe1 Ba8 17. Nd4 Rfe8 18. f5 Bf6 19. fxe6 fxe6 20. Bg4 Nxd4 21. Bxd4 Ne5 22. Be2 Rf8 23. Qg3 Bb7 24. Qe3 Bc8 25. Rf1 h6 26. Qg3 Qe7 27. Bxe5 Bxe5 28. Rxf8+ Qxf8 29. Qd3 Qe7 30. g3 Bd7 31. b3 d5 32. Kg2 Qc5 33. Nxd5 Bc6 34. Nf4 Bxf4 35. gxf4 Qf5 36. Bf3 Qxf4 37. Qd6 Rf8 38. Qxf4 Rxf4 39. Kg3 g5 40. Rd6 Bxe4 41. Bxe4 Rxe4 42. Rxb6 Re3+ 43. Kf2 Rh3 44. Kg2 Rc3 45. Rxe6 Rxc2+ 46. Kg3 Rc3+ 47. Kg4 Rxb3 48. Rxa6 Rb4+ 49. Kg3 Rb3+ 50. Kg2 Rb2+ 51. Kg3 Kg7 52. a5 Rb3+ 53. Kg2 Rb2+ 54. Kg3 Rb3+ 55. Kg4 Rb4+ 56. Kg3 Rb3+ 57. Kg2 Rb2+ 58. Kg3 Rb3+ 59. Kg2 Rb2+ 60. Kg3 Rb3+ 61. Kg4 Rb4+ 1/2-1/2

[Event "CYCC U12"]
[Site "Ottawa CAN"]
[Date "2007.07.06"]
[Round "7"]
[White "Dragan, Cristian"]
[Black "Farrant-Diaz, Nathan"]
[Result "1-0"]
[WhiteElo "1708"]
[BlackElo "1311"]
[PlyCount "95"]
[GameId "2160767910659123"]
[EventDate "2007.07.03"]
[EventType "swiss"]
[EventRounds "7"]
[EventCountry "CAN"]
[SourceTitle "EXT 2022"]
[Source "ChessBase"]
[SourceDate "2021.10.06"]
[SourceVersion "1"]
[SourceVersionDate "2021.10.06"]
[SourceQuality "1"]

1. e4 c5 2. Nf3 e6 3. d4 cxd4 4. Nxd4 a6 5. Nc3 Qc7 6. Be2 Nf6 7. f3 Bb4 8. Bd2 Qc5 9. Nb3 Qb6 10. a3 Bc5 11. Nxc5 Qxc5 12. Bf4 Qb6 13. Rb1 O-O 14. Qd2 Nc6 15. Bg5 Ne8 16. Na4 Qa7 17. Be3 b6 18. Nxb6 Qb7 19. Nxa8 Qxa8 20. Bc5 d6 21. Bxd6 Nxd6 22. Qxd6 Rd8 23. Qc5 Bd7 24. O-O Qb7 25. Rfd1 Rc8 26. Qd6 Qa7+ 27. Kh1 Nb8 28. c3 Qf2 29. Bxa6 Rd8 30. Bb5 Qc2 31. Bxd7 Nxd7 32. Qe7 Rf8 33. Qxd7 h6 34. Qd3 Qb3 35. c4 Qb6 36. Qd6 Qa7 37. c5 Rc8 38. Rbc1 Qb7 39. Qd7 Qa6 40. c6 Kh7 41. c7 Qb7 42. Qc6 Qxb2 43. Rd8 Ra8 44. Rxa8 Qd2 45. h3 Qg5 46. c8=Q Qe3 47. Qc2 Qf4 48. e5+ 1-0

[Event "CYCC U12"]
[Site "Ottawa CAN"]
[Date "2007.07.06"]
[Round "7"]
[White "Han, Yifei"]
[Black "Li, Ruokai (David)"]
[Result "1-0"]
[WhiteElo "1854"]
[BlackElo "958"]
[PlyCount "85"]
[GameId "2160767910659124"]
[EventDate "2007.07.03"]
[EventType "swiss"]
[EventRounds "7"]
[EventCountry "CAN"]

1. e4 e6 2. d4 d5 3. e5 c5 4. c3 Nc6 5. Nf3 Qb6 6. a3 c4 7. g3 Bd7 8. Bh3 Be7 9. O-O Na5 10. Nbd2 Nh6 11. Ne1 Nf5 12. Ng2 h5 13. f4 O-O-O 14. Rb1 Nb3 15. Nxb3 cxb3 16. Bd2 Bb5 17. Rf3 Bc4 18. Bxf5 exf5 19. Ne3 Bd3 20. Nxd5 Rxd5 21. Rxd3 g6 22. Be3 h4 23. Bf2 hxg3 24. Bxg3 Rhd8 25. Bf2 Bc5 26. dxc5 Rxd3 27. Qxd3 Rxd3 28. cxb6 a6 29. Kg2 Kd7 30. Be1 Kc6 31. Kf2 Kxb6 32. Ke2 Rd7 33. Rd1 Rxd1 34. Kxd1 Kc5 35. Kd2 Kc4 36. Bh4 b5 37. Be7 a5 38. Ke3 Kd5 39. h4 Ke6 40. Bd8 a4 41. Kd4 Kd7 42. Ba5 Kc6 43. Bb4 1-0

[Event "CYCC U12"]
[Site "Ottawa CAN"]
[Date "2007.07.06"]
[Round "7"]
[White "Han, Yiming"]
[Black "Wang, Harris"]
[Result "0-1"]
[WhiteElo "1904"]
[BlackElo "1646"]
[PlyCount "158"]
[GameId "2160767910659125"]
[EventDate "2007.07.03"]
[EventType "swiss"]
[EventRounds "7"]
[EventCountry "CAN"]
[SourceTitle "EXT 2022"]
[Source "ChessBase"]
[SourceDate "2021.10.06"]
[SourceVersion "1"]
[SourceVersionDate "2021.10.06"]
[SourceQuality "1"]

1. e4 c5 2. Nf3 d6 3. d4 cxd4 4. Nxd4 Nf6 5. Nc3 g6 6. Be3 Bg7 7. f3 Nc6 8. Qd2 O-O 9. O-O-O d5 10. Qe1 e5 11. exd5 Nxd4 12. f4 Nxd5 13. fxe5 Nxe3 14. Qxe3 Nf5 15. Qe4 Qa5 16. Rd5 Qb6 17. Bb5 Qe3+ 18. Qxe3 Nxe3 19. Rd3 Bh6 20. Kb1 Bf5 21. Rd2 Rad8 22. Re2 Nd5 23. Ne4 Bxe4 24. Rxe4 Nc7 25. Bc4 Ne6 26. Rf1 Rd2 27. a3 Bg7 28. Re3 Rfd8 29. Bd3 Rxg2 30. h4 Rh2 31. Re4 Rf8 32. Rfe1 Nc5 33. Rb4 Nxd3 34. cxd3 b6 35. Rf4 f5 36. d4 Bh6 37. Rf3 Rd2 38. Rc3 Rxd4 39. Rc7 Rfd8 40. Ka2 Re4 41. Rf1 Rxe5 42. Rxa7 Bg7 43. Rb7 Re6 44. Rf2 Red6 45. Rc2 Rd2 46. Rbc7 Rxc2 47. Rxc2 Rd6 48. b4 Bf6 49. h5 g5 50. a4 Be7 51. Kb3 Rd4 52. b5 Rb4+ 53. Kc3 Rxa4 54. Re2 Kf7 55. Rf2 f4 56. Rg2 h6 57. Kd3 Rb4 58. Rc2 Bc5 59. Re2 Rxb5 60. Re5 Rb3+ 61. Kc4 Rh3 62. Kd5 f3 63. Rf5+ Kg7 64. Ke6 f2 65. Rf7+ Kg8 66. Rf6 Re3+ 67. Kd7 Re7+ 68. Kc6 Rf7 69. Rxh6 f1=Q 70. Rg6+ Rg7 71. Rxg7+ Kxg7 72. h6+ Kxh6 73. Kd5 Qd3+ 74. Ke6 Qe4+ 75. Kf6 g4 76. Kf7 g3 77. Kf6 g2 78. Kf7 g1=Q 79. Kf6 Qgg6# 0-1

[Event "CYCC U12"]
[Site "Ottawa CAN"]
[Date "2007.07.06"]
[Round "7"]
[White "Itkin, David"]
[Black "Gladstone, Simon"]
[Result "1/2-1/2"]
[WhiteElo "1482"]
[BlackElo "1848"]
[PlyCount "110"]
[GameId "2160767910659128"]
[EventDate "2007.07.03"]
[EventType "swiss"]
[EventRounds "7"]
[EventCountry "CAN"]
[SourceTitle "EXT 2022"]
[Source "ChessBase"]
[SourceDate "2021.10.06"]
[SourceVersion "1"]
[SourceVersionDate "2021.10.06"]
[SourceQuality "1"]

1. e4 e6 2. d4 d5 3. Nd2 Be7 4. Ngf3 Nf6 5. e5 Ne4 6. Bd3 Nxd2 7. Bxd2 c5 8. c3 Nc6 9. O-O Bd7 10. Be3 cxd4 11. cxd4 O-O 12. Nd2 Nb4 13. Bb1 Bb5 14. Re1 Bd3 15. a3 Bxb1 16. Rxb1 Nd3 17. Rf1 f6 18. Nf3 fxe5 19. Qxd3 e4 20. Qe2 exf3 21. gxf3 Bg5 22. Kh1 Bxe3 23. fxe3 Qf6 24. Rf2 Rac8 25. Rg1 e5 26. Qb5 Qc6 27. Qxc6 Rxc6 28. dxe5 Re6 29. Rfg2 g6 30. f4 Kg7 31. Rf2 Rxe5 32. Re2 Rxf4 33. exf4 Rxe2 34. Rd1 Rxb2 35. Rxd5 Rb3 36. Ra5 a6 37. Kg2 Kf6 38. Kf2 h6 39. Kg2 Rb5 40. Rxb5 axb5 41. Kf3 Kf5 42. h3 h5 43. Ke3 g5 44. fxg5 Kxg5 45. Kf3 b6 46. Kg3 h4+ 47. Kf3 Kf5 48. Ke3 Ke5 49. Kf3 Kf5 50. Ke3 b4 51. axb4 b5 52. Kf3 Ke5 53. Kg4 Kd4 54. Kxh4 Kc4 55. Kg3 Kxb4 1/2-1/2

[Event "CYCC U12"]
[Site "Ottawa CAN"]
[Date "2007.07.06"]
[Round "7"]
[White "Li, Changhe"]
[Black "Tan, Guang Tong"]
[Result "1-0"]
[WhiteElo "1807"]
[BlackElo "1632"]
[PlyCount "123"]
[GameId "2160767910659130"]
[EventDate "2007.07.03"]
[EventType "swiss"]
[EventRounds "7"]
[EventCountry "CAN"]
[SourceTitle "EXT 2022"]
[Source "ChessBase"]
[SourceDate "2021.10.06"]
[SourceVersion "1"]
[SourceVersionDate "2021.10.06"]
[SourceQuality "1"]

1. e4 e5 2. Nf3 Nc6 3. Nc3 Nf6 4. d4 exd4 5. Nxd4 Bb4 6. Nxc6 bxc6 7. Bd3 Bxc3+ 8. bxc3 Qe7 9. O-O O-O 10. Re1 Re8 11. Bf4 Qc5 12. Qd2 d6 13. Be3 Qh5 14. Bd4 Ng4 15. h3 Ne5 16. Bxe5 Rxe5 17. f4 Re8 18. Qf2 Bd7 19. Rad1 Qa5 20. Qd4 c5 21. Qf2 Qxc3 22. Qd2 Qxd2 23. Rxd2 d5 24. e5 c4 25. Bf1 c6 26. g4 Rab8 27. f5 Bc8 28. Rde2 Rb7 29. h4 Rbe7 30. Bh3 a5 31. g5 Rb7 32. e6 f6 33. Rg2 Kf8 34. gxf6 gxf6 35. Re3 Rg7 36. Rxg7 Kxg7 37. Ra3 d4 38. Bf1 c3 39. Rxa5 Rd8 40. Ra7+ Kg8 41. Rc7 d3 42. Bxd3 Kh8 43. Rxc6 Rg8+ 44. Kf1 Bb7 45. Rxc3 Bg2+ 46. Kf2 Bd5 47. a4 Rg2+ 48. Kf1 Rg4 49. Rc8+ Kg7 50. e7 Bf7 51. e8=Q Bxe8 52. Rxe8 Rxa4 53. Re4 Ra1+ 54. Kg2 Ra5 55. c4 Ra3 56. Rd4 Ra2+ 57. Kg3 Rd2 58. Rd5 Ra2 59. c5 Ra3 60. c6 Rc3 61. Rd7+ Kg8 62. c7 1-0

[Event "CYCC U12"]
[Site "Ottawa CAN"]
[Date "2007.07.06"]
[Round "7"]
[White "Marcotte, Neil"]
[Black "Godreau, Kieran"]
[Result "1-0"]
[WhiteElo "1230"]
[BlackElo "1090"]
[PlyCount "59"]
[GameId "2160767910659131"]
[EventDate "2007.07.03"]
[EventType "swiss"]
[EventRounds "7"]
[EventCountry "CAN"]
[SourceTitle "EXT 2022"]
[Source "ChessBase"]
[SourceDate "2021.10.06"]
[SourceVersion "1"]
[SourceVersionDate "2021.10.06"]
[SourceQuality "1"]

1. e4 e6 2. d4 d5 3. e5 Nc6 4. c3 Nge7 5. Nf3 Nf5 6. Be2 Be7 7. O-O Rf8 8. Nbd2 f6 9. exf6 Bxf6 10. Nb3 e5 11. Re1 Qe7 12. Bb5 Bd7 13. Bxc6 Bxc6 14. dxe5 O-O-O 15. exf6 Qxf6 16. Bg5 Qd6 17. Bxd8 Rxd8 18. Nbd4 Rf8 19. Nxc6 Qxc6 20. Qd2 Qd6 21. Re2 c5 22. Qe1 d4 23. Re8+ Qd8 24. Rxd8+ Rxd8 25. Qe6+ Rd7 26. Qxf5 Kc7 27. Qxc5+ Kb8 28. Re1 b6 29. Re8+ Kb7 30. Qc8# 1-0

[Event "CYCC U12"]
[Site "Ottawa CAN"]
[Date "2007.07.06"]
[Round "7"]
[White "Marinkovic, Mate"]
[Black "Lepine, Cedric"]
[Result "1-0"]
[WhiteElo "1907"]
[BlackElo "1516"]
[PlyCount "106"]
[GameId "2160767910659132"]
[EventDate "2007.07.03"]
[EventType "swiss"]
[EventRounds "7"]
[EventCountry "CAN"]
[SourceTitle "EXT 2022"]
[Source "ChessBase"]
[SourceDate "2021.10.06"]
[SourceVersion "1"]
[SourceVersionDate "2021.10.06"]
[SourceQuality "1"]

1. d4 d5 2. Nf3 Bf5 3. c3 Nf6 4. Bg5 e6 5. Nbd2 h6 6. Bh4 Nbd7 7. e3 a6 8. Ne5 Be7 9. Be2 Nxe5 10. dxe5 Nd7 11. Bxe7 Qxe7 12. f4 c5 13. Nf3 b5 14. Bd3 Bg4 15. O-O O-O 16. Qe1 Bxf3 17. Rxf3 c4 18. Bc2 g6 19. Rh3 Kg7 20. Qg3 Rh8 21. Rf1 Kf8 22. Qf2 a5 23. e4 Qc5 24. exd5 exd5 25. Rd1 Qxf2+ 26. Kxf2 Nb6 27. Re3 Ke7 28. Rd4 b4 29. Re1 Rhd8 30. Bd1 Rd7 31. Bg4 Rc7 32. Red1 Rd8 33. a3 bxc3 34. bxc3 Na4 35. Rxd5 Rxd5 36. Rxd5 Nxc3 37. Rxa5 Ne4+ 38. Ke3 c3 39. Bd1 Nd2 40. Kd3 Nc4 41. Ra6 Nb2+ 42. Kc2 Rd7 43. Bf3 Rc7 44. Rc6 Rxc6 45. Bxc6 Nc4 46. a4 Na5 47. Bb5 Ke6 48. Kxc3 g5 49. Bc4+ Ke7 50. fxg5 hxg5 51. Bd5 f6 52. exf6+ Kxf6 53. Kb4 Ke5 1-0

[Event "CYCC U12"]
[Site "Ottawa CAN"]
[Date "2007.07.06"]
[Round "7"]
[White "Nunez-Painchaud, Raphael"]
[Black "Kaminski, Thomas"]
[Result "0-1"]
[WhiteElo "1468"]
[BlackElo "1982"]
[PlyCount "117"]
[GameId "2160767910659133"]
[EventDate "2007.07.03"]
[EventType "swiss"]
[EventRounds "7"]
[EventCountry "CAN"]
[SourceTitle "EXT 2022"]
[Source "ChessBase"]
[SourceDate "2021.10.06"]
[SourceVersion "1"]
[SourceVersionDate "2021.10.06"]
[SourceQuality "1"]

1. c4 c5 2. Nf3 Nc6 3. g3 g6 4. Bg2 Bg7 5. Nc3 e5 6. d3 Nge7 7. O-O d6 8. Ne1 O-O 9. Nc2 Be6 10. Ne3 f5 11. Ned5 h6 12. Bd2 Kh7 13. Rb1 Bxd5 14. Nxd5 Nxd5 15. Bxd5 Qd7 16. a3 Rab8 17. b4 Ne7 18. Bg2 b6 19. Rb3 Rbe8 20. Bc3 g5 21. Qa1 Nc8 22. Qb2 g4 23. b5 Qf7 24. Bc6 Re7 25. Bd5 Qh5 26. e3 f4 27. exf4 exf4 28. Bxg7 Rxg7 29. Be4+ Kh8 30. f3 fxg3 31. hxg3 gxf3 32. Qh2 Qg5 33. Rxf3 Rxf3 34. Bxf3 Qxg3+ 35. Qxg3 Rxg3+ 36. Kf2 Rg5 37. Rb1 Kg7 38. Re1 Rf5 39. Kg3 Re5 40. Be4 Ne7 41. Kf3 Ng6 42. Rh1 Rg5 43. a4 h5 44. a5 Ne5+ 45. Kf4 Kf6 46. axb6 axb6 47. Ra1 h4 48. Rh1 Rg4+ 49. Ke3 Kg5 50. Ke2 Rf4 51. Ke3 Ng4+ 52. Ke2 Rf2+ 53. Ke1 Ra2 54. Kf1 Ra1+ 55. Ke2 Rxh1 56. Bxh1 Kf4 57. Kd2 Kg3 58. Ba8 h3 59. d4 0-1

[Event "CYCC U12"]
[Site "Ottawa CAN"]
[Date "2007.07.06"]
[Round "7"]
[White "Passador, Stephen"]
[Black "Venner, John"]
[Result "1-0"]
[WhiteElo "1239"]
[BlackElo "784"]
[PlyCount "67"]
[GameId "2160767910659134"]
[EventDate "2007.07.03"]
[EventType "swiss"]
[EventRounds "7"]
[EventCountry "CAN"]
[SourceTitle "EXT 2022"]
[Source "ChessBase"]
[SourceDate "2021.10.06"]
[SourceVersion "1"]
[SourceVersionDate "2021.10.06"]
[SourceQuality "1"]

1. e4 e5 2. f4 exf4 3. Nf3 Nf6 4. Nc3 Nc6 5. d4 d5 6. e5 Ne4 7. Bd3 Nxc3 8. bxc3 f6 9. Bxf4 Qe7 10. O-O a6 11. Re1 fxe5 12. Bxe5 Qf7 13. Bxg7+ Be6 14. Bxh8 O-O-O 15. Be5 Ba3 16. Ng5 Qg8 17. Nxe6 Qxe6 18. Bxc7 Qg8 19. Bxd8 Nxd8 20. Qf3 Bb2 21. Rab1 Bxc3 22. Re2 Bxd4+ 23. Kh1 Qg5 24. Qf5+ Qxf5 25. Bxf5+ Kb8 26. Bxh7 Nf7 27. Re8+ Ka7 28. Re7 Nd8 29. Rd7 Bb6 30. Rxb6 Kxb6 31. Rxd8 Kc5 32. g4 d4 33. g5 Kc4 34. g6 1-0

[Event "CYCC U12"]
[Site "Ottawa CAN"]
[Date "2007.07.06"]
[Round "7"]
[White "Qin, Zi Yi (Joey)"]
[Black "Gusev, Nikita"]
[Result "1-0"]
[WhiteElo "2089"]
[BlackElo "2032"]
[PlyCount "105"]
[GameId "2160767910659135"]
[EventDate "2007.07.03"]
[EventType "swiss"]
[EventRounds "7"]
[EventCountry "CAN"]

1. e4 c5 2. Nf3 Nc6 3. d4 cxd4 4. Nxd4 g6 5. c4 Nf6 6. Nc3 d6 7. Be2 Nxd4 8. Qxd4 Bg7 9. Be3 O-O 10. Qd1 Be6 11. Rc1 Qa5 12. O-O Rfc8 13. b3 Qd8 14. f3 a6 15. Qd2 Rab8 16. Ba7 Ra8 17. Bd4 Nd7 18. Bxg7 Kxg7 19. Qd4+ Kg8 20. f4 Qb6 21. Qxb6 Nxb6 22. Nd5 Nxd5 23. cxd5 Bd7 24. Rfe1 Rxc1 25. Rxc1 Rc8 26. Rxc8+ Bxc8 27. Kf2 Kg7 28. Ke3 Kf6 29. Kd4 e6 30. Bd3 Ke7 31. Bc4 b5 32. Bd3 f6 33. Kc3 e5 34. fxe5 fxe5 35. Kb4 Kd7 36. a4 bxa4 37. bxa4 Kc7 38. Ka5 Bg4 39. Bxa6 Bd1 40. Bd3 Kb7 41. Kb5 Bg4 42. a5 Bd7+ 43. Kb4 Bc8 44. h3 h5 45. Be2 Ka7 46. h4 Kb7 47. Bb5 Bg4 48. Bc6+ Ka6 49. Bb5+ Kb7 50. Kc3 Ka7 51. Kd2 Kb7 52. Be8 Ka6 53. Bxg6 1-0

[Event "CYCC U12"]
[Site "Ottawa CAN"]
[Date "2007.07.06"]
[Round "7"]
[White "Seguin, Ryan"]
[Black "Florea, Alexandru"]
[Result "0-1"]
[WhiteElo "1323"]
[BlackElo "1781"]
[PlyCount "138"]
[GameId "2160767910659136"]
[EventDate "2007.07.03"]
[EventType "swiss"]
[EventRounds "7"]
[EventCountry "CAN"]
[SourceTitle "EXT 2022"]
[Source "ChessBase"]
[SourceDate "2021.10.06"]
[SourceVersion "1"]
[SourceVersionDate "2021.10.06"]
[SourceQuality "1"]

1. e4 c5 2. Nf3 d6 3. c3 Nc6 4. d4 cxd4 5. cxd4 Bg4 6. Be2 Nf6 7. Nc3 Bxf3 8. Bxf3 e5 9. d5 Nd4 10. O-O Be7 11. Be3 Nxf3+ 12. Qxf3 O-O 13. Qg3 Kh8 14. f4 Nd7 15. f5 Qa5 16. h4 Bd8 17. h5 Bb6 18. Bxb6 Qxb6+ 19. Qf2 Qxf2+ 20. Rxf2 Nf6 21. h6 gxh6 22. Rf3 a6 23. Kh2 b5 24. Re1 Rac8 25. a3 Rc4 26. Kh3 b4 27. axb4 Rxb4 28. Ra1 Ra8 29. Rf2 Nxe4 30. Nxe4 Rxe4 31. Rd2 Rf4 32. Rc2 Rxf5 33. Rc6 Rf6 34. Rcxa6 Rxa6 35. Rxa6 Kg7 36. b4 Kf8 37. b5 Ke7 38. Rc6 Rf2 39. b6 Rb2 40. Rc7+ Kf6 41. Rc6 Rb3+ 42. g3 e4 43. Rxd6+ Ke5 44. Rd7 Rxb6 45. Rxf7 Kxd5 46. Rxh7 Kd4 47. Rd7+ Ke3 48. Re7 Rd6 49. Rh7 Kf2 50. Rf7+ Ke2 51. Kg2 e3 52. Re7 Kd2 53. Kf1 Rf6+ 54. Kg2 e2 55. Rd7+ Ke1 56. g4 Rf4 57. Re7 Rd4 58. Kf3 Rd3+ 59. Ke4 Kd2 60. Kf5 e1=Q 61. Rxe1 Kxe1 62. Kg6 Rd6+ 63. Kh5 Kf2 64. Kh4 Kg2 65. Kh5 Kg3 66. g5 hxg5 67. Kxg5 Rd5+ 68. Kf6 Kf4 69. Ke6 Rh5 0-1

[Event "CYCC U12"]
[Site "Ottawa CAN"]
[Date "2007.07.06"]
[Round "7"]
[White "Tyagi, Karthikay"]
[Black "Gustafson, Blake"]
[Result "1-0"]
[WhiteElo "1156"]
[BlackElo "1153"]
[PlyCount "103"]
[GameId "2160767910659137"]
[EventDate "2007.07.03"]
[EventType "swiss"]
[EventRounds "7"]
[EventCountry "CAN"]
[SourceTitle "EXT 2022"]
[Source "ChessBase"]
[SourceDate "2021.10.06"]
[SourceVersion "1"]
[SourceVersionDate "2021.10.06"]
[SourceQuality "1"]

1. d4 d5 2. e3 Nf6 3. Nf3 Nc6 4. Be2 Bf5 5. c4 e6 6. Qa4 Be7 7. Ne5 O-O 8. Nxc6 bxc6 9. Qxc6 Rb8 10. Nc3 Rb6 11. Qa4 Rb7 12. O-O Qd6 13. c5 Qd8 14. Ba6 Rb8 15. Qc6 Qd7 16. Bb5 Qxc6 17. Bxc6 Bd3 18. Rd1 Ba6 19. a3 Bb7 20. Ba4 Rbd8 21. b4 c6 22. Bd2 a6 23. Bc2 Ng4 24. Bd3 Bh4 25. g3 Bg5 26. f4 Bh6 27. Rdb1 g5 28. a4 gxf4 29. exf4 Bg7 30. Ne2 f6 31. Bc3 Rfe8 32. b5 axb5 33. axb5 e5 34. Ra7 Rd7 35. bxc6 Bxc6 36. Rxd7 Bxd7 37. Rb7 Bc6 38. Rc7 Ba8 39. Bb5 Re6 40. Rc8+ Bf8 41. Rxa8 exd4 42. Nxd4 Re3 43. c6 Rxc3 44. Ne6 Kf7 45. Nxf8 Rc1+ 46. Kg2 Kg7 47. Ne6+ Kh6 48. c7 Kh5 49. Ng7+ Kh6 50. c8=Q Rd1 51. Nf5+ Kg6 52. Be8# 1-0